[Event "Olympiad Women-36"]
[Site "Mallorca"]
[Date "2004.10.19"]
[Round "5.2"]
[White "Lagno, Kateryna"]
[Black "Kosintseva, Nadezhda"]
[Result "1-0"]
[WhiteElo "2435"]
[BlackElo "2446"]
[Annotator "Ramirez Alvarez,A"]
[PlyCount "47"]
[EventDate "2004.10.15"]
[EventType "team-swiss"]
[EventRounds "14"]
[EventCountry "ESP"]
[SourceTitle "CBM 102 Extra"]
[Source "ChessBase"]
[SourceDate "2004.11.03"]
[SourceVersion "1"]
[SourceVersionDate "2004.11.03"]
[SourceQuality "1"]
[WhiteTeam "Ukraine (W)"]
[BlackTeam "Russia (W)"]
[WhiteTeamCountry "UKR"]
[BlackTeamCountry "RUS"]

1. e4 c5 2. Nf3 d6 3. d4 cxd4 4. Nxd4 a6 5. Be2 (5. c4 {With a Maroczy bind,
was another way to play this.}) 5... e6 6. O-O Nf6 7. Nc3 Be7 {After a very
unusual moveorder, we come back to a normal Scheveningen.} 8. f4 O-O 9. Kh1 Qc7
10. Qe1 $5 {White plays for the quick Qe1-g3 setup, very agressive!} (10. a4
Nc6 11. Be3 Re8 12. Bf3 Rb8 {Used to be the mainline, but black seems to have
some trouble after} 13. g4 $1 Nxd4 14. Bxd4 e5 15. fxe5 dxe5 16. Ba7 Ra8 17. g5
{Which has been played in many games, the current outcome being very
favourable to white.}) 10... Nc6 11. Be3 Bd7 12. Qg3 b5 13. e5 $5 {Used to be
consider very strong, I dont personally think is as strong as it looks like.
If we overlook the objective value of this move though, it does lead to very
exciting games!} (13. a3 {Is more played, safer, and gives white the option to
play e5 later, when its more dangerous.}) 13... dxe5 14. fxe5 Nxe5 15. Rxf6 {
So far all theory, so I won't attach a !! nor a !? sign.} Bxf6 16. Bf4 b4 $1 {
Perhaps this move is forced so as to not get an inferior position, yet it is
good enough.} 17. Ne4 Kh8 {Forced again!} 18. Nxf6 $146 (18. Bd3 {Was played
previously by Efimenko (which implies that Lahno knew about that game) against
Baramidze, some 3 years ago. White won that game, but black could have
defended better.} Qa5 19. Nxf6 gxf6 20. Qh4 Nxd3 $1 (20... Ng6 $6 {This was
the only move considered in some informator game between Tseitlin, Ma -
Tyemkin, D Beer-Sheeva 1994.} 21. Qxf6+ Kg8 22. Bh6 $6 (22. Bd6 $1 Rfc8 $2 (
22... Qd8 23. Qf3 Re8 24. Rf1 f5 25. Bxb4 $16 {Blacks open king position gives
white a significant advantage.}) 23. Rf1 $18) 22... Qe5 $11) 21. Qxf6+ Kg8 22.
Bd6 Qd8 $6 (22... Rfe8 $1 23. cxd3 Qd8 $1 $13) 23. Be7 Nf2+ 24. Kg1 Ne4 25. Qh4
$36 {Efimenko, Zahar - Baramidze, David EU-chT U18 Balatonlelle 1-0 (40)})
18... gxf6 19. Nf3 {All this so far was considered in the analysis to the game
between Tsitlin and Tyemking mentioned before.} Qxc2 $2 {I dont like this move!
} (19... Rg8 $1 {No one took this into account, I wonder why. It seems to me
Katja has an excellent theory level, but perhaps she (her trainer?) should
have looked deeper, beyond what the informator said. Remember what happened to
Anand for blindly believing the informators! (Look up the game Zapata-Anand,
if you dont know what I'm talking about.) Of course, it might be that I am the
one missing something, and in that case we will just have to wait for another
Scheveningen by Kateryna where she will uncork her brilliant novelty!} 20. Nxe5
(20. Qh4 {Is the way to keep up the iniative, not worrying about being
material down, but black has her own resources:} Rg6 21. Bd3 {What else?
already black is trying to get Bc6 in, hitting the g2 pawn.} Nxf3 $1 22. gxf3
Bc6 $1 (22... Qd8 $13 {also seems like a good try, albeit a bit more risky.})
23. Bxg6 (23. Rf1 Qd8 $17 {Gives us an improved version of 22... Qd8, since
whites rook is already tied down.}) 23... Bxf3+ 24. Kg1 Qa7+ (24... Qc5+ $4 25.
Qf2 $18) 25. Kf1 (25. Qf2 {Is a better try, after:} fxg6 26. Be3 Qb7 27. Rf1 {
Black is forced to give her f6 up, yet black holds.} Bd5 28. Qxf6+ Qg7 29. Qf4
Kg8 30. Bd4 (30. Qxb4 Rf8 $11) 30... e5 $1 {Forced, but as usual enough.} 31.
Bxe5 Qe7 $11 {White only needs to somehow get her queen in front of her bishop
in the diagonal to win, yet tihs proves impossible. Whites king is also in a
precarious position, and must content itself with a draw.}) 25... fxg6 26.
Qxf6+ Qg7 27. Qxe6 Rf8 {Oh yes, so far very complex! But white has no time for
the pin, and must exchange queens.} 28. Qe5 Qxe5 29. Bxe5+ Kg8 $11 {and, yet
again, we reach a dead drawn opposite colored bishops endgame!}) (20. Bxe5 $2
fxe5 21. Qh4 Rg6 22. Bd3 f5 $19) 20... Rxg3 21. Nxf7+ Kg7 22. Bxc7 Re3 $1 {
This key move should be very hard to find during the game. Yet it turns out
black is fine after it:} 23. Bh5 (23. Bf3 Rxf3 $11) 23... Be8 24. Bb6 $1 {
It turns out blacks rook is as trapped as whites knight! But if you count the
remaining pieces it turns out we reached a boring opposite colored bishop
endgame!} Bxf7 25. Bxe3 Bxh5 $11 {I doubt any side can realistically win this.}
) 20. Nxe5 fxe5 21. Bd3 {All this was already analysed previously.} Qc5 $2 {
Loses quickly.} (21... exf4 22. Qh3 Qxd3 23. Qxd3 {Is given as +- by Tyemkin
and Faerman. I dont quite believe this though.} Bc6 24. Qd6 Bd5 25. Qxf4 f6 (
25... Rg8 $5 26. Qd4+ Rg7 27. Kg1 Bxg2 28. Qxb4 Bd5+ 29. Kf2 $13) 26. Rc1 Rf7
$14 {Black covers her second rank, and her king is no longer as weak. Perhaps
white is still somewhat better, but it is very, very far from a winning
advantage.}) 22. Bh6 Rg8 23. Qh4 {Touché, all of blacks extra material can't
save her from the simple threat of Qf6+, followed by mate.} Rg7 24. Bxg7+ (24.
Qf6 $4 Qf8 $13) (24. Bxg7+ Kxg7 25. Qxh7+ Kf8 (25... Kf6 26. Rf1+ $18) 26. Qh8+
{And black's rook, which was extra all the game, perishes and leaves white
with lots of material ahead. Perhaps the game only lasted for 4 moves (the
rest were theory) but it was quite pleasant!}) 1-0

[Event "Danzhou 6th"]
[Site "Danzhou"]
[Date "2015.07.03"]
[Round "2"]
[White "Wei, Yi"]
[Black "Bruzon Batista, Lazaro"]
[Result "1-0"]
[WhiteElo "2724"]
[BlackElo "2669"]
[Annotator "Sagar Shah"]
[PlyCount "71"]
[EventDate "2015.07.02"]
[EventType "tourn"]
[EventRounds "9"]
[EventCountry "CHN"]
[EventCategory "17"]
[SourceTitle "CBM 167"]
[Source "ChessBase"]
[SourceDate "2015.07.13"]
[SourceVersion "1"]
[SourceVersionDate "2015.07.13"]
[SourceQuality "1"]

{There is something about the way this Chinese kid plays. He doesn't just beat
his opponents, but he crushes them. And his combinations are so crisp that you
are left with this simple question in your head - "How does he do it against
the best in the world?" Have a look at this game against Bruzon Batista which
many say is the "Modern day immortal game."} 1. e4 c5 2. Nf3 e6 3. Nc3 a6 4.
Be2 Nc6 5. d4 cxd4 6. Nxd4 Qc7 {The game has now transposed into a Sicilian
Taimanov.} 7. O-O Nf6 8. Be3 Be7 {This move transposes into the Sicilian
Scheveningen. An opening which has a rich history and always leads to
interesting positions.} (8... Bb4 {Pure Taimanov players prefer this move.}) 9.
f4 d6 10. Kh1 O-O 11. Qe1 $5 {This idea of putting your queen on g3 is common
idea in the Scheveningen and thousands of games have been played in the past.}
Nxd4 12. Bxd4 b5 13. Qg3 Bb7 14. a3 {Usually a move like a3 is a waste of time
in the Sicilian. But here it is totally justified as it is important to keep
the knight on c3.} Rad8 15. Rae1 Rd7 {It might seem funny as to why exactly
did Black place his rook on d7. But in doing so, he has vacated the d8-square
for his queen. This setup of Rd7-Qd8 is very effective against e4-e5 break.}
16. Bd3 Qd8 (16... Re8 {is the main move.}) 17. Qh3 g6 (17... h6 {is
computer's move but as Scheveningen experts already know, this is a very
dangerous for Black and any sacrifice later on h6 would be almost decisive.}
18. Re3 $40) 18. f5 $1 {A strong attacking move. Something has gone horribly
wrong for Bruzon right out of the opening.} e5 19. Be3 Re8 {Little did Bruzon
know that leaving the f7-point undefended would lead to a beautiful
combination.} 20. fxg6 hxg6 21. Nd5 $5 $146 {A novelty and a very strong move
by Wei Yi.} Nxd5 {It is from this point onwards that Wei Yi's brilliant
combination begins.} (21... Bxd5 {is the lesser of the evils but after} 22.
exd5 $16 {Black's position is pretty bad.}) 22. Rxf7 $3 {The term bolt from
the blue looks pretty cliched at this point. I mean Bruzon being a 2669 rated
player must have definitely anticipated this move, right? This is a very
common pattern of dragging the black king out. What exactly did he have in
mind against Rxf7 is unclear because even a minute's glance is enough to
convince that the attack is very strong and at every juncture White has a draw
in hand with a perpetual.} (22. exd5 $2 Bxd5 $17) 22... Kxf7 (22... Nf6 {
is met with} 23. Qe6 $1 Kh8 24. Bg5 $18 {when Black is absolutely busted.}) 23.
Qh7+ Ke6 (23... Kf8 24. Bh6# {is easy to calculate.}) (23... Kf6 {Computer
thinks that this is the easiest move to refute but I disagree. Rf1+ is very
tempting and it leads to a draw. The correct move here is to take the knight.}
24. exd5 $1 (24. Rf1+ $2 {is incorrect due to} Nf4 25. Rxf4+ exf4 26. Bd4+ Ke6
$11 {and White has nothing more than a draw at this point.} (26... Kg5 $2 27.
h4+ Kg4 28. Qxg6+ {with mate to follow in short order.}) 27. Qh3+ (27. Qxg6+
Bf6 $19) 27... Kf7 28. Qh7+ Ke6 $11 {and White has nothing more than a draw at
this point.}) 24... e4 25. Rf1+ Ke5 26. Qxg6 exd3 27. Qf5#) 24. exd5+ Kxd5 {
Once again we reach a critical crossroad. Black is threatening to run away
with Kc6-c7. White must stop him at all costs.} (24... Bxd5 {White has only
one way to win at this point.} 25. Bxg6 $1 (25. Qxg6+ Bf6 26. Bf5+ Ke7 27. Qh7+
Bf7 $19 {and the black king has been nicely cordoned off.}) 25... Rf8 26. Qh3+
Kf6 27. Rf1+ $1 Kxg6 28. Qh6#) 25. Be4+ $3 {The king is dragged further into
the center.} (25. Qf7+ $2 Kc6 $19) (25. c4+ Kc6 $19) (25. Bc4+ Kc6 $1 $19 (
25... bxc4 $2 26. Qf7+ Kc6 27. Qxc4#) (25... Kxc4 26. Qf7+ d5 27. Qf1# {
is a pretty mate.})) 25... Kxe4 (25... Ke6 26. Qxg6+ Bf6 27. Qf5+ Ke7 28. Qh7+
Ke6 (28... Kf8 29. Bh6+ Rg7 (29... Bg7 30. Rf1+ $18) 30. Bxg7+ Bxg7 31. Rf1+
$18) 29. Bf5+ Kd5 30. Bxd7 $18 {Pawn up with opponent's king on d5. Things
couldn't get better!}) 26. Qf7 $3 {An extremely difficult move to foresee.
Such moves are reminiscent of Tal who used to sacrifice material without care
and then make a quiet move taking control of the important squares. Here the
d5-square was the most important. Even though a piece and rook down Wei Yi
takes control of that square.} (26. c4 $3 {The engine points out this
fascinating move which helps to get the c4-square later on also wins.} bxc4 27.
Qxg6+ Kd5 28. Qf7+ Kc6 (28... Ke4 29. Qxc4+ Kf5 30. Rf1+ Kg6 31. Qf7#) 29.
Qxc4# {Now we see why c4 was such an amazing move!}) 26... Bf6 27. Bd2+ (27.
Bb6+ Kf5 28. Rf1+ Kg5 29. Be3+ Kh5 {It might seem that Qh7 would end the game
here but unfortunately the rook on d7 wouldn't allow that. In fact Black king
is pretty safe on the h5 square.}) 27... Kd4 28. Be3+ {No harm in repeating
the position to gain some time. But it just shows that things were not so easy
for Wei Yi on the board. He had not yet found the exact way to win the game.}
Ke4 29. Qb3 $3 {Once again fantastic control shown by the young lad. Qd3 is a
mate and something must be done about it.} (29. Qxg6+ $2 Kd5 $19 {losing
control over the d5 square is unforgivable.}) 29... Kf5 {The only move to
avert the mate.} 30. Rf1+ Kg4 {What to do next? The black king looks like a
ripe juicy target but is there a way to finish him off?} 31. Qd3 $3 {Isn't
this unbelievable? Black has so many pieces but none of them can come to the
rescue of their king. But the best part is that Wei Yi found this move which
was the only to win in this position.} (31. Bh6 $2 Kh5 32. Qh3+ Bh4 $19 {
and White falls short of ammunition.}) (31. Bd2 Kh5 32. Qh3+ Bh4 {is similar.})
(31. c4 $5 {trying to get the queen into the game from d1 is very interesting
but fails due to a brilliant defensive idea.} Bxg2+ 32. Kxg2 Qa8+ 33. Kg1 Qe4
$11 {and once the black queen enters the defence, things become very
complicated.}) 31... Bxg2+ {Unable to find anything Bruzon gives up his bishop
in desperation.} (31... Rg7 32. Qe2+ Kh4 33. h3 Qd7 34. Kh2 $1 {A quiet move
threatening a mate in one.} Bxg2 35. Qxg2 Bd8 36. Qf2+ Kh5 37. Qf3+ Kh4 38. Rg1
$18) 32. Kxg2 Qa8+ {The queen finally enters the game but it's too late.} 33.
Kg1 {Unfortunately the black queen has no squares in the centre from where she
can join in the battle. Now you can understand why Qd3 was such a fantastic
move because the e4 square is controlled and the black queen cannot come on
that square.} Bg5 (33... e4 34. Qe2+ Kh4 35. Rf4+ Kg5 36. Rxe4+ Kf5 37. Qf3#)
34. Qe2+ Kh4 (34... Kh3 35. Bxg5 $18) 35. Bf2+ Kh3 {At least Black gets the
pleasure of threatening mate in one before going down!} 36. Be1 $1 {There is
just not way to prevent the mate with Rf3 on Qd3. What a mind Wei Yi must have
to see all these mating patterns in this king hunt and that too with the clock
ticking by! This game will enter many books and will played over by many
generations of chess enthusiasts.} (36. Be1 Bf4 37. Qd3+ Kg4 38. Qxg6+ Bg5 39.
h3+ Kxh3 40. Qf5#) 1-0

[Event "Reykjavik op"]
[Site "Reykjavik"]
[Date "2015.03.16"]
[Round "8"]
[White "Navara, David"]
[Black "Fier, Alexandr"]
[Result "0-1"]
[WhiteElo "2736"]
[BlackElo "2601"]
[Annotator "Sagar Shah"]
[PlyCount "88"]
[EventDate "2015.03.10"]
[EventType "swiss"]
[EventRounds "10"]
[EventCountry "ISL"]
[SourceTitle "CBM 165 Extra"]
[Source "ChessBase"]
[SourceDate "2015.04.21"]
[SourceVersion "1"]
[SourceVersionDate "2015.04.21"]
[SourceQuality "1"]

1. e4 c5 2. Nf3 e6 3. d4 cxd4 4. Nxd4 Nc6 5. Nc3 Qc7 6. Be2 a6 7. O-O Nf6 8.
Be3 Be7 9. f4 d6 10. Kh1 O-O 11. Qe1 Nxd4 12. Bxd4 b5 13. a3 Bb7 14. Qg3 {
This is a very standard Sicilian Scheveningen position that arises out of the
opening. You can find nearly a thousand games on this exact position. Black
mainly has two plans here. One is to play Rad8-d7, Re8 and the other is Bb7-c6,
Qb7. Fier chooses the latter.} Bc6 (14... Nxe4 15. Qxg7# {is, of course,
something not worth trying!}) 15. Rae1 Qb7 16. Bd3 b4 17. Nd1 {Though this is
the second most popular move in the position. For a positional player like me
something doesn't feel right here. Mainly because White completely ruins his
queenside pawn structure. But when great attackers like Shirov, Bacrot,
Areshchenko have played it, it just means that my understanding of dynamic
positions is not upto the mark!} (17. axb4 Qxb4 18. Ne2 {would have been my
approach towards this position.}) 17... bxa3 18. bxa3 Rad8 19. Nf2 Qc7 {
Fier keeps his position flexible not committing to anything.} 20. Bxa6 {
Navara grabs the pawn but did the a-pawn really matter? As the game shows, it
only helped Black to gain activity on that file.} (20. Ng4 Nxg4 21. Qxg4 e5 $1
$11 {is just what Black wants.}) (20. e5 {looks like a logical move.} dxe5 21.
Bxe5 Qb7 22. Ne4 Nh5 $1 23. Qh3 g6 {And though Black looks pretty solid, I
feel this was the right way for White to proceed.}) 20... Ra8 21. Bd3 Ra4 $1
$44 {I already prefer Black.} 22. Bxf6 Bxf6 23. Ng4 Qe7 {Threatening Bh4.} 24.
f5 e5 (24... Bh4 {would be a huge mistake due to} 25. f6 $1 $18) 25. Re3 Rxa3 {
White's attack doesn't look threatening at all. In fact the bishop on d3 could
well be the part of a very strong pawn chain! Black has all the long term
trumps.} 26. h4 Kh8 27. Qe1 (27. Nxf6 Qxf6 28. Rb1 $15 {It was already time to
forgo the attack and start playing sensibly.}) 27... Bxh4 $1 {Accurately
calculated by Fier.} 28. f6 {This was obviously what Navara had under his
sleeve.} Bxf6 $1 (28... Bxe1 29. fxe7 $18) 29. Rxf6 (29. Nxf6 gxf6 {doesn't
really look threatening because Rg8-g7 comes pretty quickly.} 30. Qh4 Rg8 31.
Rh3 ({Better is} 31. Qxf6+ Qxf6 32. Rxf6 Rg7 33. Rxd6 Rg6 $11) 31... Rg7 $17)
29... Bd7 $3 {Not at all an easy move to see even when you have the position
in front of you. Just imagine, Fier saw it three moves ago! Brilliant!} (29...
gxf6 30. Qh4 $18 {is simply crushing. There are many threats here. One of them
is Nxf6 and the other is Rh3. Both cannot be prevented.}) 30. Rf5 Bxf5 31. exf5
Qg5 {White has two pawns and rook for two minors and dominating activity. It
is very difficult to play the black position.} 32. Qe2 $2 {Navara immediately
goes wrong and now he loses the game.} (32. Be4 Rxe3 33. Nxe3 Rb8 $15 {keeps
an advantage for Black but White is very much in the game.}) 32... e4 $1 33.
Bc4 (33. Rxe4 Qh4+ 34. Kg1 Ra1+ $19 {is almost a mate!}) (33. Bxe4 Rxe3 34.
Nxe3 Qh4+ $19 {drops a piece.}) 33... Qh4+ 34. Rh3 (34. Kg1 Ra1+ $19) 34...
Rxh3+ 35. gxh3 Qxh3+ 36. Kg1 Qg3+ 37. Qg2 Qf4 38. Nf2 e3 39. Ne4 Ra8 40. Ng3
Ra1+ 41. Bf1 {White is all tied up. I really like the next few moves made by
Fier.} h6 $1 42. c4 Kh7 $1 {White has no moves left now!} 43. f6 (43. Ne2 Qxf5
$19) 43... g6 44. Kh2 Rxf1 (44... Rxf1 45. Qxf1 Qxf1 46. Nxf1 e2 $19 {A
beautiful game by Alexander Fier. He is really on Fier in this event.}) 0-1